Essential guide to workplace mediation and conflict resolution : (Record no. 207760)
[ view plain ]
| 000 -LEADER | |
|---|---|
| fixed length control field | 00768nam a2200241Ia 4500 |
| 003 - CONTROL NUMBER IDENTIFIER | |
| control field | OSt |
| 005 - DATE AND TIME OF LATEST TRANSACTION | |
| control field | 20220607101339.0 |
| 008 - FIXED-LENGTH DATA ELEMENTS--GENERAL INFORMATION | |
| fixed length control field | 210716s2008 xx 000 0 und d |
| 020 ## - INTERNATIONAL STANDARD BOOK NUMBER | |
| International Standard Book Number | 9780749454753 |
| 040 ## - CATALOGING SOURCE | |
| Transcribing agency | AIMIT LIBRARY |
| 041 ## - LANGUAGE CODE | |
| Language code of text/sound track or separate title | eng |
| 082 ## - DEWEY DECIMAL CLASSIFICATION NUMBER | |
| Classification number | 658.312 |
| Edition number | 1 |
| Item number | DOHN |
| 100 ## - MAIN ENTRY--PERSONAL NAME | |
| Personal name | Doherty, Nora. |
| 9 (RLIN) | 40761 |
| 245 ## - TITLE STATEMENT | |
| Title | Essential guide to workplace mediation and conflict resolution : |
| Remainder of title | rebuilding working relationships / |
| 250 ## - EDITION STATEMENT | |
| Edition statement | 1st ed. |
| 260 ## - PUBLICATION, DISTRIBUTION, ETC. | |
| Place of publication, distribution, etc. | New Delhi : |
| Name of publisher, distributor, etc. | Kogan Page , |
| Date of publication, distribution, etc. | 2008. |
| 300 ## - PHYSICAL DESCRIPTION | |
| Extent | x, 196p. ; |
| Dimensions | 22 cm. |
| 650 ## - SUBJECT ADDED ENTRY--TOPICAL TERM | |
| Topical term or geographic name entry element | Workplace mediation |
| 9 (RLIN) | 40762 |
| 650 ## - SUBJECT ADDED ENTRY--TOPICAL TERM | |
| Topical term or geographic name entry element | Just how does mediation works |
| 9 (RLIN) | 40763 |
| 650 ## - SUBJECT ADDED ENTRY--TOPICAL TERM | |
| Topical term or geographic name entry element | Work place mediation for terms |
| 9 (RLIN) | 40764 |
| 700 ## - ADDED ENTRY--PERSONAL NAME | |
| Personal name | Guyler, Marcelas. |
| 9 (RLIN) | 40765 |
| 942 ## - ADDED ENTRY ELEMENTS (KOHA) | |
| Source of classification or shelving scheme | Dewey Decimal Classification |
| Koha item type | Book |
| Edition | 1st |
| Call number prefix | 658.312 DOHN |
| Withdrawn status | Lost status | Source of classification or shelving scheme | Damaged status | Not for loan | Collection code | Home library | Current library | Date acquired | Cost, normal purchase price | Inventory number | Total Checkouts | Full call number | Barcode | Date last seen | Cost, replacement price | Price effective from | Koha item type |
|---|---|---|---|---|---|---|---|---|---|---|---|---|---|---|---|---|---|
| Dewey Decimal Classification | MBA | St Aloysius Institute of Management & Information Technology | St Aloysius Institute of Management & Information Technology | 12/18/2012 | 250.00 | Bill no:913; Bill dt:2012-11-01 | 658.312 DOHN | MBA10326 | 05/23/2026 | 187.50 | 07/16/2021 | Book |